00202nam a2200085 a 450000500170000000800410001705000170005810000210007524500200009620140414132017.0110314s19uu xx 00 eng d aTRbC51 1999 aMaccarone, Grace aThe class trip.